Women and transitional justice : (Record no. 14347)
[ view plain ]
| 000 -LEADER | |
|---|---|
| fixed length control field | 02062cam a2200325 a 4500 |
| 001 - CONTROL NUMBER | |
| control field | 17599636 |
| 005 - DATE AND TIME OF LATEST TRANSACTION | |
| control field | 20170105102853.0 |
| 008 - FIXED-LENGTH DATA ELEMENTS--GENERAL INFORMATION | |
| fixed length control field | 130123s2013 enk b 001 0 eng d |
| 010 ## - LIBRARY OF CONGRESS CONTROL NUMBER | |
| LC control number | 2012538149 |
| 016 7# - NATIONAL BIBLIOGRAPHIC AGENCY CONTROL NUMBER | |
| Record control number | 016019677 |
| Source | Uk |
| 020 ## - INTERNATIONAL STANDARD BOOK NUMBER | |
| International Standard Book Number | 9780415699112 (hbk. : alk. paper) |
| 020 ## - INTERNATIONAL STANDARD BOOK NUMBER | |
| International Standard Book Number | 0415699118 (hbk. : alk. paper) |
| 035 ## - SYSTEM CONTROL NUMBER | |
| System control number | (OCoLC)ocn758394594 |
| 040 ## - CATALOGING SOURCE | |
| Original cataloging agency | BTCTA |
| Language of cataloging | eng |
| Transcribing agency | BTCTA |
| Modifying agency | UKMGB |
| -- | YDXCP |
| -- | BWK |
| -- | YNK |
| -- | CDX |
| -- | VVC |
| -- | OCLCO |
| -- | DLC |
| 042 ## - AUTHENTICATION CODE | |
| Authentication code | lccopycat |
| 050 00 - LIBRARY OF CONGRESS CALL NUMBER | |
| Classification number | K644 |
| Item number | .W6417 2013 |
| 082 ## - DEWEY DECIMAL CLASSIFICATION NUMBER | |
| Classification number | 341.4858 |
| 245 00 - TITLE STATEMENT | |
| Title | Women and transitional justice : |
| Remainder of title | the experience of women as participants / |
| Statement of responsibility, etc. | edited by Lisa Yarwood. |
| 260 ## - PUBLICATION, DISTRIBUTION, ETC. | |
| Place of publication, distribution, etc. | Abingdon, Oxon ; |
| -- | New York : |
| Name of publisher, distributor, etc. | Routledge, |
| Date of publication, distribution, etc. | 2013. |
| 300 ## - PHYSICAL DESCRIPTION | |
| Extent | xiv, 216 p. ; |
| Dimensions | 24 cm. |
| 504 ## - BIBLIOGRAPHY, ETC. NOTE | |
| Bibliography, etc. note | Includes bibliographical references (p. [204]-208) and index. |
| 505 0# - FORMATTED CONTENTS NOTE | |
| Formatted contents note | Women, transitional justice and indigenous conflict: the role of women in addressing New Zealand's colonial past / Lisa Yarwood -- Women, peace and security: mainstreaming gender in transitional justice processes / Amy Barlow -- International criminal justice and the girl child: difference needs, equal opportunities / Annelotte Walsh -- Lessons from the field: the inclusion of refugee women in transitional justice initiatives / Sarah Maddox -- The adjudication of sex crimes under international criminal law: what does gender have to do with it? / Caroline Fournet -- Denial, impunity and transitional justice: the fate of female rape victims in Bosnia and Herzegovina / Clotilde Pégorier -- A tool for reconciling gender and customary law / Lauren Fielder -- Reparations in Colombia: advancing the women's rights agenda / Catalina Diaz with Iris Marin -- The Peruvian case: gender and transitional justice / Julissa Mantilla Falcón. |
| 650 #0 - SUBJECT ADDED ENTRY--TOPICAL TERM | |
| Topical term or geographic name entry element | Women |
| General subdivision | Legal status, laws, etc. |
| 650 #0 - SUBJECT ADDED ENTRY--TOPICAL TERM | |
| Topical term or geographic name entry element | Women's rights. |
| 650 #0 - SUBJECT ADDED ENTRY--TOPICAL TERM | |
| Topical term or geographic name entry element | Women |
| General subdivision | Crimes against. |
| 700 1# - ADDED ENTRY--PERSONAL NAME | |
| Personal name | Yarwood, Lisa. |
| 906 ## - LOCAL DATA ELEMENT F, LDF (RLIN) | |
| a | 7 |
| b | cbc |
| c | copycat |
| d | 2 |
| e | ncip |
| f | 20 |
| g | y-gencatlg |
| 942 ## - ADDED ENTRY ELEMENTS (KOHA) | |
| Source of classification or shelving scheme | |
| Koha item type | Book |
| Withdrawn status | Lost status | Damaged status | Not for loan | Collection code | Permanent Location | Current Location | Shelving location | Date acquired | Total Checkouts | Full call number | Barcode | Date last seen | Price effective from | Koha item type |
|---|---|---|---|---|---|---|---|---|---|---|---|---|---|---|
| Centre for International Peace & Stability (CIPS) | Centre for International Peace & Stability (CIPS) | General Stacks | 08/21/2013 | 341.4858 WOM 2013 | CIPS0000388 | 08/21/2013 | 08/21/2013 | Book |
